000 01326nam a2200337 i 4500
003 DO-SdBNP
005 20250606115551.0
007 ta
008 250519b2006 dr ||||| |||| 00| 0 spa d
020 _a9993499269
040 _aDO-SdBNP
_bspa
_cBNPHU
_erda
041 _aspa
082 4 _a236
_bL881g
_222
100 1 _aLópez Rodríguez, Adolfo,
_eautor
_4aut.
_955286
245 1 0 _aUn gigante se apodera de la Tierra :
_bcaracterísticas de un gobierno mundial /
_cAdolfo López Rodríguez ; prólogo, Silverio Bello Valenzuela ; corrector, Carlos Mateo y Jorge Valdivia
250 _aPrimera edición
264 4 _aSanto Domingo :
_b[Editor no identificado] ;
_c©2006.
300 _a160 páginas ;
_c21 cm.
336 _atexto
_btxt
_2rdacontent
337 _asin mediación
_bn
_2rdamedia
338 _avolumen
_bnc
_2rdacarrier
500 _aIncluye datos biográficos del autor en la solapa de la cubierta
504 _aBibliografía : páginas 159-160
590 _aInventariado, 2025/BT
650 4 _aEscatología
_xPensamiento religioso
_987845
700 1 _aBello Valenzuela, Silverio Manuel,
_eprologuista
_4pr.
_91782
700 1 _aMateo, Carlos,
_ecorrector
_4corr.
_987824
700 1 _aValdivia, Jorge,
_ecorrector
_4corr.
_987825
910 _aBtavárez. Validado. Contrl de Calidad/MAA
942 _2ddc
_cLBS1
999 _c59052
_d59052